I laghi italiani su una mappa - Statistics

Statistiche generali
  • Questo quiz è stato fatto 590 volte
  • Il punteggio medio è 5 su 8
Risposte nella Mappa
Le risposte nella mappa del quiz sottostante sono codificate secondo una scala di colori dal rosso al verde in base alla % di persone che hanno risposto correttamente.
 
Statistiche sulle risposte
Area Lago % Corretto
370 km² Lago di Garda
98%
146 km² Lago di Como
96%
213 km² Lago Maggiore
90%
65 km² Lago d’Iseo
75%
49 km² Lago di Lugano
51%
18 km² Lago d’Orta
41%
15 km² Lago di Varese
38%
11 km² Lago d’Idro
30%
Nessun quiz corrispondente trovato
Distribuzione punteggi
Percentuale di utenti per punteggio
Percentile per numero di risposta
I tuoi punteggi nel tempo
Non hai fatto questo quiz